Clifford's first snow day / (Record no. 4026)

MARC details
000 -LEADER
fixed length control field 01171nam a2200373 a 4500
001 - CONTROL NUMBER
control field 4026
003 - CONTROL NUMBER IDENTIFIER
control field FISKH
005 - DATE AND TIME OF LATEST TRANSACTION
control field 20240614095623.0
008 - FIXED-LENGTH DATA ELEMENTS--GENERAL INFORMATION
fixed length control field 980930s1998 nyua a 000 1 eng d
010 ## - LIBRARY OF CONGRESS CONTROL NUMBER
LC control number 99165909
020 ## - INTERNATIONAL STANDARD BOOK NUMBER
International Standard Book Number 0590034804 (pbk.) :
020 ## - INTERNATIONAL STANDARD BOOK NUMBER
International Standard Book Number 9780590034807
035 ## - SYSTEM CONTROL NUMBER
System control number (OCoLC)39967291
035 ## - SYSTEM CONTROL NUMBER
System control number 3812-91560
040 ## - CATALOGING SOURCE
Original cataloging agency OCo
Transcribing agency OCo
Modifying agency O
-- DLC
Language of cataloging eng
042 ## - AUTHENTICATION CODE
Authentication code lccopycat
-- lcac
050 00 - LIBRARY OF CONGRESS CALL NUMBER
Classification number PZ7.B7633
Item number Clwxe 1998
082 00 - DEWEY DECIMAL CLASSIFICATION NUMBER
Classification number 303
Edition number 21
100 1# - MAIN ENTRY--PERSONAL NAME
Personal name Bridwell, Norman.
245 10 - TITLE STATEMENT
Title Clifford's first snow day /
Statement of responsibility, etc. Norman Bridwell.
260 ## - PUBLICATION, DISTRIBUTION, ETC.
Place of publication, distribution, etc. New York :
Name of publisher, distributor, etc. Scholastic,
Date of publication, distribution, etc. 1998.
300 ## - PHYSICAL DESCRIPTION
Extent 32 unnumbered pages :
Other physical details color illustrations ;
Dimensions 21 cm
500 ## - GENERAL NOTE
General note In logo on cover: Clifford, the big red dog.
505 ## - FORMATTED CONTENTS NOTE
Formatted contents note J<br/>
520 ## - SUMMARY, ETC.
Summary, etc. When Clifford, the big red dog, is feeling sad, Emily Elizabeth and her friends do everything they can think of to cheer him up.
521 8# - TARGET AUDIENCE NOTE
Target audience note 440<br/>
Source Lexile <br/>
521 8# - TARGET AUDIENCE NOTE
Target audience note J<br/>
Source Raz-Plus <br/>
650 #1 - SUBJECT ADDED ENTRY--TOPICAL TERM
Topical term or geographic name entry element Dogs
General subdivision Fiction.
650 #1 - SUBJECT ADDED ENTRY--TOPICAL TERM
Topical term or geographic name entry element Animals
General subdivision Infancy
Form subdivision Fiction.
650 #1 - SUBJECT ADDED ENTRY--TOPICAL TERM
Topical term or geographic name entry element Snow
Form subdivision Fiction.
906 ## - LOCAL DATA ELEMENT F, LDF (RLIN)
a 7
b cbc
c copycat
d 3
e ncip
f 19
g y-gencatlg
942 ## - ADDED ENTRY ELEMENTS (KOHA)
Source of classification or shelving scheme Dewey Decimal Classification
Koha item type Books
Suppress in OPAC No
Holdings
Withdrawn status Lost status Source of classification or shelving scheme Damaged status Not for loan Collection Home library Current library Shelving location Date acquired Total Checkouts Full call number Barcode Date last seen Date last checked out Copy number Price effective from Koha item type
    Dewey Decimal Classification     Juvenile Fiction Footprints International School Library Network Toul Kork Campus Footprints International School Library Network Toul Kork Campus TK Primary Library Room(4th Floor), Bookcase 1&2, Shelves 1-16, Dark Blue Books 05/31/2024 5 BRI 303 PZ7.B7633 FISTK03850 12/10/2025 12/03/2025 1 05/31/2024 Books
    Dewey Decimal Classification     Juvenile Fiction Footprints International School Library Network Toul Kork Campus Footprints International School Library Network Toul Kork Campus TK Primary Library Room(4th Floor), Bookcase 1&2, Shelves 1-16, Dark Blue Books 06/14/2024 6 BRI 303 PZ7.B7633 FISTK03851 03/25/2026 03/18/2026 2 06/14/2024 Books
    Dewey Decimal Classification     Juvenile Fiction Footprints International School Library Network Toul Kork Campus Footprints International School Library Network Toul Kork Campus TK Primary Library Room(4th Floor), Bookcase 1&2, Shelves 1-16, Dark Blue Books 10/23/2024 2 BRI 303 PZ7.B7633 2024-2207 02/26/2025 02/19/2025 3 10/23/2024 Books